| 000 | 01276nam a2200385Ia 4500 | ||
|---|---|---|---|
| 001 | dia_3048 | ||
| 003 | CHAP | ||
| 005 | 20251023171819.0 | ||
| 008 | 220117s2001 xx 000 0 und d | ||
| 010 | _a173554 | ||
| 020 | _a84-7953-448-6 | ||
| 040 | _cCHAP | ||
| 082 | _a808.849384 L86 F57 2001 | ||
| 100 |
_aLundin, Stephen C. _9153958 |
||
| 245 |
_aFish : la eficacia de un equipo radica en su capacidad de motivación / _c Stephen C. Lundin, Harry Paul y John Christensen ; traducción Mila Martínez Giner |
||
| 250 | _a6a ed. | ||
| 260 |
_aEspaña : _b Urano, _c2001 |
||
| 300 | _a124 p. | ||
| 500 | _aTítulo original: Fish! | ||
| 503 | _aC/e | ||
| 590 | _aHF5549.5M63 L86 2001 | ||
| 650 |
_aAmerican literature _x21st century _9153959 |
||
| 650 |
_aEmployee motivation _9153960 |
||
| 650 |
_aEnsayo _9153131 |
||
| 650 |
_aEssay _9153132 |
||
| 650 |
_aLiteratura americana _xSiglo XXI _9153678 |
||
| 650 |
_aPersonal _xMotivación _9153961 |
||
| 700 |
_aChristensen, John, coaut. _9153962 |
||
| 700 |
_aMartínez Giner, Mila, tr. _9153963 |
||
| 700 |
_aPaul, Harry, coaut. _9153964 |
||
| 901 | _a808.849384 L86 F57 2001 | ||
| 902 | _aM | ||
| 905 | _a5232272001 SP x 9222223322SPA16 | ||
| 942 |
_cLIBRO _2ddc |
||
| 999 |
_c173554 _d173554 |
||